| 000 | 00000nas 2200000zi 4500 |
| 001 | 9.936991 |
| 003 | CaOODSP |
| 005 | 20240418111722 |
| 006 | m o d f |
| 007 | cr ||||||||||| |
| 008 | 240417c20199999oncar p o f0###b0fre|d |
| 040 | |aCaOODSP|bfre|erda|cCaOODSP |
| 043 | |an-cn--- |
| 086 | 1 |aH2-8F-PDF |
| 110 | 1 |aCanada. |bSanté Canada, |eauteur, |eorganisme de publication. |
| 245 | 10|aAperçu : |bplan d'évaluation ministériel de l'ASPC et de Santé Canada ... à ... |
| 246 | 3 |aAperçu : |bplan d'évaluation ministériel pour Santé Canada, ... à ... |
| 264 | 1|a[Ottawa] : |bSanté Canada, |c[2019]- |
| 310 | |aAnnuel |
| 336 | |atexte|btxt|2rdacontent/fre |
| 337 | |ainformatique|bc|2rdamedia/fre |
| 338 | |aressource en ligne|bcr|2rdacarrier/fre |
| 362 | 1 |aParaît depuis : 2019/2020 à 2023/2024. |
| 500 | |aLe titre varie légèrement. |
| 500 | |aPublié aussi en anglais sous le titre : At a glance : departmental evaluation plan for the Public Health Agency of Canada and Health Canada, ... to ... |
| 530 | |aLes numéros 2022/2023- ne sont pas disponsibles qu'en format HTML. |
| 588 | |aDescription d'après : 2019/2020 à 2023/2024; titre de départ du fichier PDF. |
| 588 | |aDernière livraison consultée : 2021/2022 à 2025/2026. |
| 610 | 16|aCanada. |bSanté Canada|xCrédits budgétaires et dépenses|vPériodiques. |
| 610 | 26|aAgence de santé publique du Canada|xCrédits budgétaires et dépenses|vPériodiques. |
| 650 | 6|aDépenses publiques|vPériodiques. |
| 655 | 7|aPériodiques|2rvmgf |
| 775 | 08|tAt a glance : |w(CaOODSP)9.936978 |
| 856 | 41|qHTML|sS.O.|uhttps://www.canada.ca/fr/sante-canada/organisation/transparence/rapports-gestion/evaluation.html|z(Numéros 2022/2023- ) |